[Event "Titled Tuesday intern op 02nd Apr Early"]
[Site "Chess.com INT"]
[Date "2024.04.02"]
[Round "2"]
[White "Pakleza, Zbigniew"]
[Black "Grave, Jacob Templen"]
[Result "1-0"]
[WhiteElo "2489"]
[BlackElo "2286"]
[PlyCount "61"]
[EventDate "2024.04.02"]
[EventType "swiss (blitz)"]
[EventRounds "11"]
[EventCountry "USA"]
[SourceTitle "CB15_2024"]
[SourceDate "2024.04.10"]
[SourceVersion "1"]
[SourceVersionDate "2024.04.10"]
[SourceQuality "1"]

1. d4 Nf6 2. Nf3 e6 3. Bf4 d5 4. e3 Bd6 5. Bg3 0-0 6. Nbd2 c5 7. c3 Qc7 8. Be2 Nbd7 9. c4 cxd4 10. Nxd4 Bxg3 11. hxg3 b6 12. Rc1 Qd6 13. cxd5 exd5 14. 0-0 Bb7 15. N2f3 a6 16. Nf5 Qb4 17. Qd4 Qxd4 18. N3xd4 Nc5 19. b4 Ne6 20. Nxe6 fxe6 21. Nd6 Rfd8 22. Nxb7 Rd7 23. Rc6 Rxb7 24. Rxe6 a5 25. b5 Rc8 26. Rc6 Rxc6 27. bxc6 Rc7 28. Bb5 Ne4 29. Rc1 Kf7 30. g4 Ke6 31. a4 1-0

[Event "Titled Tuesday intern op 12th Mar Late"]
[Site "Chess.com INT"]
[Date "2024.03.12"]
[Round "2"]
[White "Grave, Jacob Templen"]
[Black "Yanchenko, Roman"]
[Result "0-1"]
[WhiteElo "2278"]
[BlackElo "2466"]
[PlyCount "66"]
[EventDate "2024.03.12"]
[EventType "swiss (blitz)"]
[EventRounds "11"]
[EventCountry "USA"]
[SourceTitle "CB12_2024"]
[SourceDate "2023.10.01"]
[SourceVersion "1"]
[SourceVersionDate "2023.10.01"]
[SourceQuality "1"]

1. e4 e6 2. d3 d5 3. Nd2 Nf6 4. Ngf3 c5 5. g3 Nc6 6. Bg2 g6 7. 0-0 Bg7 8. Re1 0-0 9. c3 Qb6 10. a3 Rd8 11. Qc2 a5 12. b3 Qa7 13. Bb2 b5 14. exd5 exd5 15. c4 bxc4 16. dxc4 Bf5 17. Qc1 d4 18. Nh4 Bd7 19. Ne4 Nxe4 20. Bxe4 Rab8 21. Qc2 a4 22. bxa4 d3 23. Qxd3 Bxb2 24. Rab1 Bd4 25. Bd5 Ne5 26. Qe4 Rxb1 27. Rxb1 Rb8 28. Re1 Qxa4 29. Nf3 Bf5 30. Qf4 Nxf3+ 31. Qxf3 Qd7 32. Qf4 Rb2 33. Rf1 Bd3 0-1

[Event "Titled Tuesday intern op 26th Sep Late"]
[Site "Chess.com INT"]
[Date "2023.09.26"]
[Round "8"]
[White "Grave, Jacob Templen"]
[Black "Demina, Marya"]
[Result "1-0"]
[WhiteElo "2285"]
[BlackElo "1936"]
[PlyCount "69"]
[EventDate "2023.09.26"]
[EventType "swiss (blitz)"]
[EventRounds "11"]
[EventCountry "USA"]
[SourceTitle "EXT 2024"]
[Source "ChessBase"]
[SourceDate "2023.10.10"]
[SourceVersion "1"]
[SourceVersionDate "2023.10.10"]
[SourceQuality "1"]

1. e4 c6 2. c4 d5 3. cxd5 cxd5 4. exd5 Qxd5 5. Nc3 Qa5 6. Nf3 Nc6 7. Bc4 e6 8. 0-0 Nf6 9. d4 Be7 10. Re1 0-0 11. Ne5 Nb4 12. Bg5 h6 13. Bd2 Qd8 14. Be3 Nbd5 15. Qf3 Nxe3 16. fxe3 Bd7 17. Rf1 Rc8 18. Bb3 Bc6 19. Qh3 Bd5 20. Nxd5 exd5 21. Nd3 Ne4 22. Nf4 Nd2 23. Bxd5 Nxf1 24. Rxf1 Bg5 25. Bb3 Rc6 26. Qf3 Bxf4 27. Qxf4 Rf6 28. Qe5 Rxf1+ 29. Kxf1 Qh4 30. Ke2 Qg4+ 31. Kf2 Rc8 32. h3 Qg6 33. Kg1 Rc1+ 34. Kh2 Rf1 35. Bd5 1-0

[Event "Titled Tuesday intern op 05th Sep Late"]
[Site "Chess.com INT"]
[Date "2023.09.05"]
[Round "5"]
[White "Matinian, Nikita"]
[Black "Grave, Jacob Templen"]
[Result "1-0"]
[WhiteElo "2421"]
[BlackElo "2285"]
[PlyCount "143"]
[EventDate "2023.09.05"]
[EventType "swiss (blitz)"]
[EventRounds "11"]
[EventCountry "USA"]
[SourceTitle "EXT 2024"]
[Source "ChessBase"]
[SourceDate "2023.10.10"]
[SourceVersion "1"]
[SourceVersionDate "2023.10.10"]
[SourceQuality "1"]

1. e4 c6 2. Nc3 d5 3. Nf3 Bg4 4. h3 Bxf3 5. Qxf3 Nf6 6. g3 e6 7. Bg2 Bb4 8. 0-0 0-0 9. b3 Nbd7 10. Bb2 Bxc3 11. Qxc3 dxe4 12. Bxe4 Qb6 13. Rae1 Qc5 14. Qxc5 Nxc5 15. Bg2 Rfd8 16. d4 Ncd7 17. f4 g6 18. g4 h5 19. f5 exf5 20. gxf5 g5 21. c4 Re8 22. Bc1 g4 23. hxg4 Nxg4 24. Bf3 Kg7 25. d5 Nde5 26. Bb2 f6 27. Bg2 Nd3 28. Rxe8 Rxe8 29. Bd4 c5 30. Bc3 Re2 31. Bf3 Rxa2 32. d6 Ra6 33. Ra1 Rxd6 34. Rxa7 Nde5 35. Rxb7+ Kh6 36. Bd5 Kg5 37. b4 cxb4 38. Bxb4 Ra6 39. Bd2+ Kxf5 40. Rb1 Ra2 41. Rf1+ Kg6 42. Bf4 Re2 43. c5 Nd3 44. c6 Nxf4 45. Rxf4 Re1+ 46. Kg2 Ne3+ 47. Kf2 Nxd5 48. Kxe1 Nxf4 49. c7 Nd3+ 50. Kf1 Ne5 51. c8Q Kg5 52. Qg8+ Kf4 53. Qh8 Ng4 54. Qxh5 Ne3+ 55. Ke2 Nf5 56. Qf3+ Ke5 57. Qa8 Nd4+ 58. Ke3 Nf5+ 59. Kd3 Nd6 60. Qb8 Ke6 61. Kd4 Nf5+ 62. Kc5 Ne7 63. Qd6+ Kf7 64. Qd7 Kf8 65. Kd6 Ng6 66. Ke6 Nf4+ 67. Kxf6 Nh5+ 68. Kg6 Nf4+ 69. Kf5 Nh5 70. Qd6+ Kg8 71. Qg6+ Ng7+ 72. Kf6 1-0

[Event "Copenhagen Obro CXU op"]
[Site "Copenhagen"]
[Date "2023.07.25"]
[Round "2"]
[White "Grave, Jacob Templen"]
[Black "Skou, Niels"]
[Result "1-0"]
[WhiteElo "2255"]
[BlackElo "2116"]
[PlyCount "95"]
[EventDate "2023.07.24"]
[EventType "swiss"]
[EventRounds "9"]
[EventCountry "DEN"]
[SourceTitle "CBM 215 Extra"]
[Source "ChessBase"]
[SourceDate "2023.09.30"]
[SourceVersion "1"]
[SourceVersionDate "2023.09.30"]
[SourceQuality "1"]

1. d4 d5 2. c4 e6 3. g3 Nf6 4. Bg2 Be7 5. Nf3 0-0 6. 0-0 dxc4 7. Qc2 b6 8. Bg5 Nd5 9. Bxe7 Qxe7 10. Nbd2 b5 11. b3 c3 12. Ne4 Bb7 13. Nxc3 a6 14. Nxd5 Bxd5 15. Rac1 Rc8 16. Ne5 Bxg2 17. Kxg2 Qd6 18. Qc5 Qxc5 19. Rxc5 Kf8 20. a4 f6 21. Nd3 c6 22. Rfc1 bxa4 23. bxa4 Ra7 24. Nb4 Rac7 25. e4 Ke8 26. d5 exd5 27. exd5 Kd7 28. dxc6+ Kd6 29. Rd5+ Ke6 30. a5 g6 31. Re1+ Kf7 32. Rd6 f5 33. h4 Nxc6 34. Nd5 Rb7 35. Rc1 Ne7 36. Rf6+ Kg7 37. Rxc8 Nxc8 38. Rxa6 Rb5 39. Nc7 Rb7 40. Ne8+ Kh6 41. Rc6 Na7 42. Rc7 Rxc7 43. Nxc7 Kg7 44. Kf3 Kf7 45. a6 h6 46. Ke3 g5 47. hxg5 hxg5 48. Kd4 1-0

[Event "NOR-chB"]
[Site "Oslo"]
[Date "2023.07.07"]
[Round "8"]
[White "Martinsen, Stig K"]
[Black "Grave, Jacob Templen"]
[Result "0-1"]
[WhiteElo "2172"]
[BlackElo "2255"]
[PlyCount "154"]
[EventDate "2023.06.30"]
[EventType "swiss"]
[EventRounds "9"]
[EventCountry "NOR"]
[SourceTitle "EXT 2024"]
[Source "ChessBase"]
[SourceDate "2023.10.10"]
[SourceVersion "1"]
[SourceVersionDate "2023.10.10"]
[SourceQuality "1"]

1. e4 c6 2. d4 d5 3. e5 Bf5 4. Nf3 e6 5. Be2 Nd7 6. 0-0 h6 7. c3 Qc7 8. a4 a5 9. Na3 Ne7 10. Nc2 c5 11. Na3 Nc6 12. Nb5 Qd8 13. Be3 Be7 14. dxc5 Nxc5 15. Nfd4 Bh7 16. Nd6+ Bxd6 17. exd6 Ne4 18. Nb5 0-0 19. Qb3 Rc8 20. Qa3 Ne5 21. f3 Nf6 22. b3 Bd3 23. Bxd3 Nxd3 24. Rfd1 Ne5 25. Rac1 Nh5 26. Qa2 Qf6 27. Bd4 Qg5 28. Kh1 Nd3 29. Ra1 Ndf4 30. Qd2 e5 31. Be3 Qg6 32. Bxf4 Nxf4 33. g3 Nh3 34. Kg2 Nf4+ 35. Kf1 Ne6 36. Qxd5 Rc5 37. Qd3 f5 38. Ra2 e4 39. Qe3 Qh5 40. Rf2 Re5 41. d7 f4 42. gxf4 Ref5 43. Nd4 Rd5 44. Rdd2 Qh3+ 45. Ke1 Nxf4 46. Qxe4 Qxd7 47. Kd1 Qf7 48. Kc1 Re8 49. Qc2 Re3 50. Kb2 Qf6 51. Ka2 Rd8 52. Nb5 Rdd3 53. Rxd3 Nxd3 54. Qd2 Qe5 55. Rg2 Rxf3 56. Nd4 Re3 57. Nc2 Rh3 58. Nd4 Nf4 59. Rf2 Re3 60. Rf3 Re4 61. Rf2 Nd5 62. Kb2 Nxc3 63. Qxc3 Qxd4 64. Qxd4 Rxd4 65. Rf5 b6 66. Rb5 Rd6 67. h4 g6 68. b4 axb4 69. Rxb4 Kg7 70. Kc3 g5 71. hxg5 hxg5 72. a5 bxa5 73. Rb5 Kg6 74. Rxa5 Kh5 75. Ra1 g4 76. Rh1+ Kg5 77. Rg1 Kf4 0-1

[Event "NOR-chB"]
[Site "Oslo"]
[Date "2023.07.06"]
[Round "7"]
[White "Grave, Jacob Templen"]
[Black "Roulet Dubonnet, Emerik Vapenstad"]
[Result "1/2-1/2"]
[WhiteElo "2255"]
[BlackElo "2197"]
[PlyCount "33"]
[EventDate "2023.06.30"]
[EventType "swiss"]
[EventRounds "9"]
[EventCountry "NOR"]
[SourceTitle "EXT 2024"]
[Source "ChessBase"]
[SourceDate "2023.10.10"]
[SourceVersion "1"]
[SourceVersionDate "2023.10.10"]
[SourceQuality "1"]

1. d4 Nf6 2. c4 e6 3. g3 d5 4. Bg2 Be7 5. Nf3 0-0 6. Nbd2 b6 7. cxd5 Nxd5 8. 0-0 Bb7 9. b3 c5 10. Bb2 Nc6 11. Ne4 Nf6 12. Ne5 Qc7 13. Nxc6 Bxc6 14. Qc2 Bxe4 15. Bxe4 Nxe4 16. Qxe4 Bf6 17. Rac1 1/2-1/2

[Event "Titled Tuesday intern op 30th May Early"]
[Site "Chess.com INT"]
[Date "2023.05.30"]
[Round "8"]
[White "Grave, Jacob Templen"]
[Black "Kleiman, Jake"]
[Result "0-1"]
[WhiteElo "2240"]
[BlackElo "2399"]
[PlyCount "58"]
[EventDate "2023.05.30"]
[EventType "swiss (blitz)"]
[EventRounds "11"]
[EventCountry "USA"]
[SourceTitle "CBM 214 Extra"]
[Source "ChessBase"]
[SourceDate "2023.07.31"]
[SourceVersion "1"]
[SourceVersionDate "2023.07.31"]
[SourceQuality "1"]

1. d4 Nf6 2. c4 e6 3. Nc3 Bb4 4. f3 c5 5. d5 0-0 6. e4 d6 7. Nge2 exd5 8. cxd5 b5 9. a4 bxa4 10. Rxa4 Re8 11. Ng3 Nbd7 12. Be2 Ne5 13. 0-0 Bd7 14. Ra6 Qc7 15. Bg5 Bxc3 16. bxc3 Bc8 17. Bxf6 Bxa6 18. Bxa6 gxf6 19. f4 Ng6 20. Bb5 Re7 21. Nh5 Kh8 22. Nxf6 c4 23. Qh5 Nf8 24. Qg5 Ne6 25. dxe6 fxe6 26. Kh1 Rg7 27. Qh6 Rg6 28. Qh4 Rf8 29. e5 d5 0-1

[Event "Titled Tuesday intern op 25th Apr Early"]
[Site "Chess.com INT"]
[Date "2023.04.25"]
[Round "7"]
[White "Grave, Jacob Templen"]
[Black "Winkels, Marcel"]
[Result "0-1"]
[WhiteElo "2240"]
[BlackElo "1962"]
[PlyCount "74"]
[EventDate "2023.04.25"]
[EventType "swiss (blitz)"]
[EventRounds "11"]
[EventCountry "USA"]
[SourceTitle "EXT 2024"]
[Source "ChessBase"]
[SourceDate "2023.10.10"]
[SourceVersion "1"]
[SourceVersionDate "2023.10.10"]
[SourceQuality "1"]

1. Nf3 Nf6 2. b3 g6 3. Bb2 Bg7 4. g3 c5 5. Bg2 0-0 6. 0-0 Nc6 7. c4 d5 8. cxd5 Nxd5 9. Bxg7 Kxg7 10. Qc2 Bf5 11. e4 Ndb4 12. Qc3+ Nd4 13. Nxd4 Qxd4 14. exf5 Qxc3 15. Nxc3 gxf5 16. Bxb7 Rad8 17. Rad1 e5 18. Rfe1 e4 19. f3 Rd7 20. a3 Nd3 21. Bc6 Rc7 22. Bd5 Nxe1 23. Rxe1 exf3 24. Bxf3 Rd8 25. Nd5 Rcd7 26. Re5 Kg6 27. d3 Rb8 28. Nf4+ Kf6 29. Rxc5 Rxb3 30. Rc6+ Kg7 31. Nh5+ Kf8 32. Nf4 Rxa3 33. Bd5 Ra4 34. Rf6 Rxf4 35. gxf4 Rxd5 36. Ra6 Rxd3 37. Rxa7 Rf3 0-1

[Event "Titled Tuesday intern op 25th Apr Early"]
[Site "Chess.com INT"]
[Date "2023.04.25"]
[Round "6"]
[White "Lisjak, Zlatko"]
[Black "Grave, Jacob Templen"]
[Result "0-1"]
[WhiteElo "2207"]
[BlackElo "2240"]
[PlyCount "82"]
[EventDate "2023.04.25"]
[EventType "swiss (blitz)"]
[EventRounds "11"]
[EventCountry "USA"]
[SourceTitle "EXT 2024"]
[Source "ChessBase"]
[SourceDate "2023.10.10"]
[SourceVersion "1"]
[SourceVersionDate "2023.10.10"]
[SourceQuality "1"]

1. d4 d5 2. Nc3 Nf6 3. Bf4 a6 4. e3 Bf5 5. f3 e6 6. g4 Bg6 7. h4 h5 8. g5 Nfd7 9. Bd3 Bxd3 10. Qxd3 g6 11. 0-0-0 c5 12. e4 Nb6 13. exd5 Nxd5 14. Be5 c4 15. Qxc4 Rg8 16. Nxd5 exd5 17. Qe2 Be7 18. Nh3 Nc6 19. Bf6 Kf8 20. Bxe7+ Qxe7 21. Qd2 Kg7 22. Nf4 Qd6 23. Rhe1 Rge8 24. a3 Rac8 25. Kb1 Ne7 26. Nd3 Nf5 27. Ne5 Nxh4 28. Qf4 Nf5 29. Rh1 Rc7 30. c3 Rce7 31. Rh3 Rxe5 32. dxe5 Qxe5 33. Qxe5+ Rxe5 34. f4 Re4 35. Rf3 d4 36. cxd4 Nxd4 37. Rfd3 Ne6 38. f5 gxf5 39. Rd7 b5 40. Ra7 Kg6 41. Rd6 h4 0-1

[Event "Titled Tuesday intern op 28th Feb Early"]
[Site "Chess.com INT"]
[Date "2023.02.28"]
[Round "5"]
[White "Grave, Jacob Templen"]
[Black "Simonovic, Miroslav"]
[Result "1-0"]
[WhiteElo "2211"]
[BlackElo "2115"]
[PlyCount "133"]
[EventDate "2023.02.28"]
[EventType "swiss (blitz)"]
[EventRounds "11"]
[EventCountry "USA"]
[SourceTitle "CBM 213 Extra"]
[Source "ChessBase"]
[SourceDate "2023.05.31"]
[SourceVersion "1"]
[SourceVersionDate "2023.05.31"]
[SourceQuality "1"]

1. c4 c5 2. Nf3 Nc6 3. d4 cxd4 4. Nxd4 g6 5. e4 Bg7 6. Be3 d6 7. Nc3 Nf6 8. Be2 0-0 9. 0-0 Bd7 10. Nc2 Rc8 11. Qd2 a6 12. Rac1 Qc7 13. b3 Rfd8 14. h3 b6 15. Nd5 Nxd5 16. cxd5 Nb8 17. Nd4 Qb7 18. f4 e6 19. dxe6 Bxe6 20. Bf3 Rxc1 21. Rxc1 Rc8 22. Rxc8+ Bxc8 23. Qb4 Qc7 24. Kh1 Nd7 25. Qd2 Bb7 26. Ne2 h5 27. Bd4 Bxd4 28. Qxd4 Qc5 29. Qd3 Nf6 30. Nc3 Kg7 31. e5 dxe5 32. fxe5 Qxe5 33. Bxb7 Qe1+ 34. Kh2 Qe5+ 35. Qg3 Qe7 36. Qf3 Nh7 37. Nd5 Qd7 38. Ba8 Ng5 39. Qc3+ Kh7 40. Nf6+ Kh6 41. Nxd7 Nh7 42. Qe5 h4 43. Qe3+ g5 44. Qe5 Kg6 45. Qd6+ Kh5 46. Ne5 f6 47. Nf7 Kg6 48. Qe6 Nf8 49. Be4+ Kg7 50. Qe7 Ng6 51. Bxg6 Kxg6 52. Nh8+ Kh6 53. Qd7 g4 54. Qc7 Kg5 55. hxg4 h3 56. Qxb6 f5 57. gxh3 fxg4 58. hxg4 Kh4 59. Qxa6 Kxg4 60. Qc4+ Kf3 61. b4 Ke3 62. b5 Kd2 63. b6 Ke1 64. b7 Kf2 65. b8Q Ke3 66. Qe5+ Kd2 67. Qee2# 1-0